Дело о выкупе земельных наделов временнообязанными крестьянами А.П. Матвеева сельца Шашкина Мценского уезда Орловской губернии

Доступно только в Электронных читальных залах Найти на картеНа карте
RUSMARC
00004061nmc2a2200000 x 450
001cca1d3e6-5900-4a52-a769-3a99e9d18676
00520170921015424.0
100##$a20140402l18791879k l0rusy0189 ca
1010#$arus
102##$aRU
2001#$aДело о выкупе земельных наделов временнообязанными крестьянами А.П. Матвеева сельца Шашкина Мценского уезда Орловской губернии
$j24 апреля - 24 декабря 1879 г.
251##$cДело
300##$aДело
300##$aОриг. заголовок дела: Дело Матвеева А.П. Орловской губернии Мценского уезда сельца Шашкина. 24 апреля 1879 г. - 24 декабря 1879 г
801#0$aRU
$bРГИА
$c20140402
$gRCR
801#1$aRU
$bГлавНИВЦ
$c20140402
$2rusmarc
801#2$aRU
$bПБ им. Б.Н. Ельцина
$c20170921
$gRCR
$2rusmarc
850##$aРГИА
852##$aРГИА
$eФедеральное казенное учреждение "Российский государственный исторический архив" (РГИА)
$j2225
937##$hРГИА
$d11047424
$aASBIBLIO_SCAN
462#0$10012327ab3a-0548-404e-b4cb-e37355ac5039
$12001
$a1863-1889 гг.
$1251
$cОпись
$1852
$j26
461#0$10018ef30ad5-ff5c-4840-a721-74c62a200f95
$12001
$aГлавное выкупное учреждение Министерства финансов
$1251
$cФонд
$1852
$j577
215##$a59 л.
$d36,5х26 см
371##$aДокумент не является опубликованным и широко распространяемым
105##$ay###
1222#$ad
5171#$aДело Матвеева А.П. Орловской губернии Мценского уезда сельца Шашкина. 24 апреля 1879 г. - 24 декабря 1879 г
035##$acca1d3e6-5900-4a52-a769-3a99e9d18676
856##$uhttp://readingroom.main.prlib.ru/item.aspx?id_node=n105145818&mode=full
Формат отображения